000
00347nam a2200145Ia 4500
001
7615
003
GE_BSU
008
181216s||||||||xx |||||||||||||| ||und||
040
_c
GE_BSU
245
_a
SQL Server.№7(151).
245
_b
Журнал для професионалов.
300
_a
23ст,28см.
653
_a
SQL Server.
942
_c
CR
999
_c
40967
_d
40967